00561 2200181 4500001002100000005001500021035002000036245005200056100003400108250002000142300003200162260006200194082001600256084002200272020002200294650003700316650002600353INLIS00000000000011920250710125049 a0010-07250001191 aKue Yang Besar /cAll Children Reading Cambodia0 aAll Children Reading Cambodia aCetakan Pertama a20 hlm. :bilus. ;c22,9 cm aJakarta :bBadan Pengembangan dan Pembinaan Bahasa,c2022 a398.209 598 a398.209 598 ALL k a978-623-472-003-7 4aCERITA ANAK INDONESIA-TERJEMAHAN 4aLITERASI-BAHAN BACAAN